[Event "MCRE_PF12"]
[Site "?"]
[Date "2003.??.??"]
[Round "?"]
[White "Kubikova, Hana"]
[Black "Kohler, Josef"]
[Result "1/2-1/2"]
[WhiteElo "2140"]
[BlackElo "2210"]
[PlyCount "89"]
[EventDate "2003.??.??"]
[EventType "corr"]

1. e4 c5 2. Nf3 Nc6 3. d4 cxd4 4. Nxd4 Nf6 5. Nc3 e5 6. Ndb5 d6 7. Bg5 a6 8.
Na3 b5 9. Bxf6 gxf6 10. Nd5 Bg7 11. Bd3 Ne7 12. Nxe7 Qxe7 13. O-O O-O 14. c4 f5
15. Qf3 bxc4 16. Nxc4 d5 17. exd5 e4 18. Qe3 Bb7 19. d6 Qf6 20. Bc2 f4 21. Qh3
Rac8 22. b3 Qg5 23. d7 Rc6 24. Bxe4 Rh6 25. Qf5 Qh4 26. h3 Rh5 27. Qg4 Bxe4 28.
Qxh4 Rxh4 29. Rad1 Rd8 30. Rfe1 f5 31. f3 Bc3 32. Re2 Bc6 33. Rc2 Bf6 34. Rd6
Rh6 35. Nb6 Bxd7 36. Nxd7 Bg7 37. Rxh6 Bxh6 38. Nc5 Rd6 39. Rc4 a5 40. Ra4 Bg7
41. Rxa5 Bc3 42. Ra8+ Kf7 43. Ra7+ Ke8 44. Ra8+ Kf7 45. Ra7+ 1/2-1/2

[Event "MCRE_PF12"]
[Site "?"]
[Date "2003.??.??"]
[Round "?"]
[White "Hrubcik, Martin"]
[Black "Rotter, Walter"]
[Result "1-0"]
[WhiteElo "2000"]
[BlackElo "2000"]
[PlyCount "63"]
[EventDate "2003.??.??"]
[EventType "corr"]

1. e4 e5 2. f4 exf4 3. Nf3 g5 4. Nc3 d6 5. h3 Bg7 6. d4 Nc6 7. Bc4 h5 8. h4 g4
9. Ng5 Nh6 10. Bxf4 Nxd4 11. Qd2 Be6 12. Nxe6 Nxe6 13. Bg5 Qd7 14. O-O-O f6 15.
Be3 Nf7 16. Bb3 Ne5 17. Kb1 a6 18. Qf2 O-O-O 19. Rhf1 Rde8 20. Ba4 b5 21. Bb3
Kb8 22. Nd5 Rhf8 23. Qe1 c6 24. Nb4 Kb7 25. Rf5 Rh8 26. Qc3 Nc7 27. Bf4 a5 28.
Nd3 Nxd3 29. Rxd3 b4 30. Qd2 Rxe4 31. Rxa5 Rhe8 32. a4 1-0

[Event "MCRE_PF12"]
[Site "?"]
[Date "2003.??.??"]
[Round "?"]
[White "Hrubcik, Martin"]
[Black "Kubikova, Hana"]
[Result "1/2-1/2"]
[WhiteElo "2000"]
[BlackElo "2140"]
[PlyCount "75"]
[EventDate "2003.??.??"]
[EventType "corr"]

1. e4 c5 2. f4 d5 3. exd5 Nf6 4. Nc3 Nxd5 5. Nf3 Nc6 6. Bb5 e6 7. O-O Be7 8.
Ne5 Qb6 9. Bxc6+ bxc6 10. d3 O-O 11. Rf2 Nxc3 12. bxc3 Rb8 13. Be3 Qc7 14. Qf3
Bd7 15. Rff1 Rb5 16. Qf2 Qd6 17. Rab1 Rfb8 18. Rb3 Be8 19. Nc4 Qd5 20. f5 exf5
21. Re1 Rd8 22. Bf4 Qd7 23. Qg3 f6 24. Bc7 Ra8 25. Bd6 Bxd6 26. Qxd6 f4 27. Re7
Qxd6 28. Nxd6 Rxb3 29. cxb3 Bg6 30. Nb7 Bxd3 31. Nxc5 Bf5 32. Rc7 Rd8 33. Rxc6
Rd1+ 34. Kf2 h5 35. h3 Rd2+ 36. Kf3 Rxa2 37. Kxf4 Rf2+ 38. Kg3 1/2-1/2

[Event "MCRE_PF12"]
[Site "?"]
[Date "2003.??.??"]
[Round "?"]
[White "Kohler, Josef"]
[Black "Kubikova, Hana"]
[Result "1/2-1/2"]
[WhiteElo "2210"]
[BlackElo "2140"]
[PlyCount "86"]
[EventDate "2003.??.??"]
[EventType "corr"]

1. c4 g6 2. Nc3 Bg7 3. Nf3 Nf6 4. d4 O-O 5. e4 d6 6. Be2 e5 7. O-O Nc6 8. d5
Ne7 9. Nd2 a5 10. a3 Nd7 11. Rb1 f5 12. b4 Kh8 13. f3 Ng8 14. Qc2 axb4 15. axb4
Ngf6 16. Nb5 Nh5 17. g3 Ndf6 18. c5 Bd7 19. Rb3 Nxg3 20. hxg3 Nh5 21. f4 Bxb5
22. Bxb5 exf4 23. exf5 Nxg3 24. Rxf4 Nxf5 25. Nf3 dxc5 26. bxc5 Qxd5 27. Rd3
Ra2 28. Rxd5 Rxc2 29. Bd2 c6 30. Ba4 cxd5 31. Bxc2 Rc8 32. Bxf5 gxf5 33. Rb4
Rxc5 34. Rxb7 h6 35. Nh4 Rc2 36. Be1 Rc1 37. Kf2 Bc3 38. Bxc3+ Rxc3 39. Ng6+
Kg8 40. Ne7+ Kf8 41. Nxd5 Rc5 42. Ne3 Re5 43. Kf3 h5 1/2-1/2

[Event "MCRE_PF12"]
[Site "?"]
[Date "2003.??.??"]
[Round "?"]
[White "Zatrapa, Petr"]
[Black "Kohler, Josef"]
[Result "1-0"]
[WhiteElo "2280"]
[BlackElo "2210"]
[PlyCount "63"]
[EventDate "2003.??.??"]
[EventType "corr"]

1. e4 c5 2. Nf3 Nc6 3. d4 cxd4 4. Nxd4 Nf6 5. Nc3 e5 6. Ndb5 d6 7. Bg5 a6 8.
Na3 b5 9. Bxf6 gxf6 10. Nd5 Bg7 11. c3 f5 12. exf5 Bxf5 13. Nc2 Be6 14. Nce3
O-O 15. Bd3 f5 16. O-O Ra7 17. a4 Ne7 18. Nxe7+ Rxe7 19. axb5 Kh8 20. Rxa6 d5
21. Nc2 f4 22. Nb4 Qe8 23. f3 Bf6 24. Rxe6 Rxe6 25. Nxd5 Qh5 26. c4 Bd8 27. Qc2
Rg8 28. Kh1 Bb6 29. Nxb6 Rxb6 30. c5 Rh6 31. h3 Qg5 32. c6 1-0

[Event "MCRE_PF12"]
[Site "?"]
[Date "2003.??.??"]
[Round "?"]
[White "Kohler, Josef"]
[Black "Zatrapa, Petr"]
[Result "0-1"]
[WhiteElo "2210"]
[BlackElo "2280"]
[PlyCount "68"]
[EventDate "2003.??.??"]
[EventType "corr"]

1. c4 f5 2. Nf3 Nf6 3. g3 e6 4. Bg2 Be7 5. O-O O-O 6. d4 d6 7. Nc3 Qe8 8. Qc2
Qh5 9. b3 a5 10. Ba3 Na6 11. e4 Nxe4 12. Nxe4 fxe4 13. Qxe4 d5 14. cxd5 Bxa3
15. dxe6 c6 16. Nd2 Re8 17. Nc4 Rxe6 18. Qf3 Qxf3 19. Bxf3 Rf6 20. Bxc6 Rxc6
21. Nxa3 Be6 22. Rad1 Nb4 23. Rd2 a4 24. Nc4 axb3 25. axb3 Bxc4 26. bxc4 Rxc4
27. d5 Rd8 28. d6 Rd7 29. Rfd1 Nc6 30. Kf1 Nd8 31. Re2 Kf8 32. Ra2 Rc6 33. Rad2
Nf7 34. h3 Rcxd6 0-1

[Event "MCRE_PF12"]
[Site "?"]
[Date "2003.??.??"]
[Round "?"]
[White "Zatrapa, Petr"]
[Black "Hrubcik, Martin"]
[Result "1/2-1/2"]
[WhiteElo "2280"]
[BlackElo "2000"]
[PlyCount "66"]
[EventDate "2003.??.??"]
[EventType "corr"]

1. e4 c5 2. Nf3 d6 3. d4 cxd4 4. Nxd4 Nf6 5. Nc3 a6 6. Be2 e5 7. Nb3 Be7 8. O-O
O-O 9. Be3 Be6 10. f4 exf4 11. Rxf4 Nc6 12. Nd5 Ne5 13. Nxe7+ Qxe7 14. Bd4 g5
15. Rf1 Nxe4 16. Nd2 f5 17. Nxe4 fxe4 18. Qd2 Rac8 19. Rae1 Nc6 20. Be3 h6 21.
c4 Qg7 22. Qxd6 Qe5 23. Rxf8+ Rxf8 24. Qxe5 Nxe5 25. b3 Bf5 26. Rf1 Rf7 27. Bd4
Nd3 28. Bh5 Rf8 29. g3 Kh7 30. h4 Kg8 31. Be3 b5 32. c5 Bd7 33. Bg6 Rxf1+
1/2-1/2

[Event "MCRE_PF12"]
[Site "?"]
[Date "2003.??.??"]
[Round "?"]
[White "Zatrapa, Petr"]
[Black "Kubikova, Hana"]
[Result "1/2-1/2"]
[WhiteElo "2280"]
[BlackElo "2140"]
[PlyCount "70"]
[EventDate "2003.??.??"]
[EventType "corr"]

1. e4 c5 2. Nf3 Nc6 3. d4 cxd4 4. Nxd4 Nf6 5. Nc3 e5 6. Ndb5 d6 7. Bg5 a6 8.
Na3 b5 9. Bxf6 gxf6 10. Nd5 f5 11. Bxb5 axb5 12. Nxb5 Ra7 13. Nxa7 Nxa7 14.
exf5 Nb5 15. a4 Nd4 16. c3 Qa5 17. Nf6+ Ke7 18. O-O Kxf6 19. cxd4 Bxf5 20.
dxe5+ dxe5 21. Qf3 e4 22. Qg3 Bb4 23. Rfd1 Rc8 24. Qh4+ Kg6 25. Rac1 Rxc1 26.
Qg3+ Kf6 27. Rxc1 Qxa4 28. h4 Qd7 29. Qg5+ Ke6 30. g4 Bg6 31. h5 Bd2 32. Qc5
Bxc1 33. Qxc1 f5 34. hxg6 hxg6 35. gxf5+ gxf5 1/2-1/2

[Event "MCRE_PF12"]
[Site "?"]
[Date "2003.??.??"]
[Round "?"]
[White "Kubikova, Hana"]
[Black "Mikoska, Josef"]
[Result "1/2-1/2"]
[WhiteElo "2140"]
[BlackElo "2210"]
[PlyCount "94"]
[EventDate "2003.??.??"]
[EventType "corr"]

1. d4 Nf6 2. c4 g6 3. Nc3 d5 4. Bf4 e6 5. e3 Nh5 6. Bg3 Nxg3 7. hxg3 Bg7 8. Nf3
c6 9. Bd3 Qa5 10. a3 h6 11. b4 Qd8 12. Qc2 Nd7 13. cxd5 exd5 14. b5 Qa5 15. Nd2
Nc5 16. Bxg6 fxg6 17. Qxg6+ Kf8 18. Nxd5 cxd5 19. Qd6+ Kf7 20. Qxc5 Be6 21. Rh4
Rhc8 22. Qd6 Rc2 23. Rf4+ Bf6 24. Rd1 Rac8 25. Qe5 Qd8 26. e4 Rxd2 27. Kxd2
dxe4 28. b6 Bd7 29. bxa7 Kg7 30. Qd5 Ra8 31. Rxe4 Rxa7 32. Ke1 Qa5+ 33. Qxa5
Rxa5 34. Re3 Rd5 35. Rb3 Bc6 36. g4 Bxd4 37. Rd2 Re5+ 38. Kf1 Bc5 39. f3 Kf6
40. g3 Re7 41. Rh2 Kg7 42. Rh5 b6 43. g5 hxg5 44. Rxg5+ Kf6 45. Rh5 Be8 46.
Rh6+ Bg6 47. Rh4 Ra7 1/2-1/2

[Event "MCRE_PF12"]
[Site "?"]
[Date "2003.??.??"]
[Round "?"]
[White "Hlavacek, Ladislav"]
[Black "Zatrapa, Petr"]
[Result "0-1"]
[WhiteElo "2085"]
[BlackElo "2280"]
[PlyCount "80"]
[EventDate "2003.??.??"]
[EventType "corr"]

1. d4 f5 2. Nc3 Nf6 3. Bg5 e6 4. e4 fxe4 5. Nxe4 Be7 6. Bxf6 Bxf6 7. Qh5+ g6 8.
Nxf6+ Qxf6 9. Qg4 b6 10. O-O-O Nc6 11. Nf3 Bb7 12. Bd3 O-O-O 13. Be4 Rdf8 14.
Rhf1 Qf4+ 15. Qxf4 Rxf4 16. Rfe1 Rhf8 17. c4 Na5 18. Bxb7+ Nxb7 19. h3 Nd6 20.
b3 Ne4 21. Rf1 g5 22. Rd3 h5 23. Re3 d5 24. a3 g4 25. hxg4 hxg4 26. Nd2 Nxd2
27. Kxd2 dxc4 28. bxc4 Rxd4+ 29. Kc3 Rff4 30. Rxe6 Rxc4+ 31. Kb3 Rcd4 32. Kc3
Rd7 33. f3 Rdf7 34. Re3 c5 35. Kd3 Kc7 36. Ke2 Kc6 37. Rd1 Kb5 38. Rd2 gxf3+
39. gxf3 Ka4 40. Rd6 R7f6 0-1

[Event "MCRE_PF12"]
[Site "?"]
[Date "2003.??.??"]
[Round "?"]
[White "Zatrapa, Petr"]
[Black "Hlavacek, Ladislav"]
[Result "1-0"]
[WhiteElo "2280"]
[BlackElo "2085"]
[PlyCount "79"]
[EventDate "2003.??.??"]
[EventType "corr"]

1. e4 e5 2. f4 exf4 3. Nf3 d5 4. exd5 Qxd5 5. Nc3 Qe6+ 6. Kf2 Nc6 7. Bb5 Qd6 8.
d4 Nf6 9. Re1+ Be6 10. Ne2 Be7 11. Bxf4 Qb4 12. Qd3 a6 13. Bxc6+ bxc6 14. Bd2
Qxb2 15. a4 c5 16. Nf4 Qb6 17. Nxe6 fxe6 18. Qc4 Nd5 19. Bg5 Qb4 20. Qe2 Qb6
21. Bxe7 Kxe7 22. Qe5 Nf6 23. Kg1 cxd4 24. Nxd4 Kf7 25. Rab1 Qd6 26. Qxd6 cxd6
27. Rb7+ Kg6 28. Rxe6 d5 29. Reb6 Rhg8 30. a5 h6 31. Ne6 Rac8 32. Nc7 Rgd8 33.
Rxa6 Kh5 34. Rc6 Ne8 35. a6 Nxc7 36. Rbxc7 Rxc7 37. Rxc7 Ra8 38. a7 Kg6 39. Kf2
Kf6 40. Ke3 1-0

[Event "MCRE_PF12"]
[Site "?"]
[Date "2003.??.??"]
[Round "?"]
[White "Zatrapa, Petr"]
[Black "Mikoska, Josef"]
[Result "1/2-1/2"]
[WhiteElo "2280"]
[BlackElo "2210"]
[PlyCount "58"]
[EventDate "2003.??.??"]
[EventType "corr"]

1. e4 e5 2. f4 exf4 3. Bc4 Nf6 4. Nc3 c6 5. d4 d5 6. exd5 cxd5 7. Bb3 Bb4 8.
Nf3 Qe7+ 9. Ne5 Nc6 10. Bxf4 Ne4 11. O-O Nxc3 12. bxc3 Bxc3 13. Bxd5 O-O 14.
Nxc6 bxc6 15. Bxc6 Ba6 16. Re1 Qf6 17. Bxa8 Qxf4 18. Bf3 Bxd4+ 19. Kh1 Bxa1 20.
Qxa1 Bc4 21. a3 Be6 22. Qc3 Rd8 23. Qa5 Qd2 24. Re5 Qd4 25. h3 Rc8 26. Re4 Qf2
27. Kh2 h6 28. Ra4 Qe3 29. Be4 Qf4+ 1/2-1/2

[Event "MCRE_PF12"]
[Site "?"]
[Date "2003.??.??"]
[Round "?"]
[White "Ksir, Bohumil"]
[Black "Rotter, Walter"]
[Result "1-0"]
[WhiteElo "2145"]
[BlackElo "2120"]
[PlyCount "97"]
[EventDate "2003.??.??"]
[EventType "corr"]

1. e4 e5 2. Nf3 Nc6 3. d4 exd4 4. Nxd4 Qh4 5. Nc3 Bb4 6. Be2 Bxc3+ 7. bxc3 Nf6
8. O-O Nxd4 9. cxd4 Nxe4 10. Qe1 O-O 11. f3 Qxe1 12. Rxe1 Nf6 13. Bg5 d5 14.
Bxf6 gxf6 15. c4 Be6 16. c5 Rac8 17. a3 b6 18. c6 Rce8 19. Bd3 Bc8 20. f4 Kg7
21. Rac1 f5 22. Kf2 Kf6 23. a4 Re6 24. a5 Rfe8 25. Re5 Rxe5 26. fxe5+ Kg5 27.
Kf3 f6 28. h4+ Kg6 29. Kf4 fxe5+ 30. dxe5 h5 31. axb6 axb6 32. Ra1 Be6 33. Ra7
Re7 34. Ra8 d4 35. Rh8 Rf7 36. Be2 Rh7 37. Rf8 Rf7 38. Rg8+ Rg7 39. Bxh5+ Kh6
40. Rh8+ Rh7 41. Rxh7+ Kxh7 42. Be2 Kg6 43. Bd3 Kg7 44. Kg5 Bd5 45. h5 Bxc6 46.
h6+ Kh8 47. g3 Be8 48. Kf6 c5 49. Bxf5 1-0

[Event "MCRE_PF12"]
[Site "?"]
[Date "2003.??.??"]
[Round "?"]
[White "Ksir, Bohumil"]
[Black "Zatrapa, Petr"]
[Result "1/2-1/2"]
[WhiteElo "2145"]
[BlackElo "2280"]
[PlyCount "66"]
[EventDate "2003.??.??"]
[EventType "corr"]

1. e4 e5 2. Nf3 Nc6 3. d4 exd4 4. c3 d5 5. exd5 Qxd5 6. cxd4 Bb4+ 7. Nc3 Bg4 8.
Be2 Bxf3 9. Bxf3 Qc4 10. Bxc6+ bxc6 11. Qe2+ Qxe2+ 12. Kxe2 O-O-O 13. Be3 Ne7
14. Rac1 Rhe8 15. Rhd1 Nf5 16. Kf3 Rd6 17. g4 Nxe3 18. fxe3 Rh6 19. h4 Rf6+ 20.
Ke2 Rf4 21. Kd3 Rxg4 22. Rg1 h5 23. Rxg4 hxg4 24. Rf1 Rf8 25. e4 g6 26. e5 Be7
27. Ne4 Kd7 28. Kc4 Ke6 29. Nc5+ Bxc5 30. Rf6+ Ke7 31. Kxc5 Rh8 32. Rxc6 Kd7
33. Rf6 Ke7 1/2-1/2

[Event "MCRE_PF12"]
[Site "?"]
[Date "2003.??.??"]
[Round "?"]
[White "Kubikova, Hana"]
[Black "Zatrapa, Petr"]
[Result "0-1"]
[WhiteElo "2140"]
[BlackElo "2280"]
[PlyCount "64"]
[EventDate "2003.??.??"]
[EventType "corr"]

1. d4 f5 2. Bg5 h6 3. Bh4 g5 4. Bg3 Nf6 5. e3 d6 6. h4 Rg8 7. hxg5 hxg5 8. Bd3
Nc6 9. Nf3 e6 10. c4 Qe7 11. Qc2 Bd7 12. a3 O-O-O 13. Nbd2 Qf7 14. d5 exd5 15.
Bxf5 dxc4 16. Bxd7+ Rxd7 17. Qf5 Ne7 18. Qa5 a6 19. Nxg5 Qg6 20. Ngf3 Nc6 21.
Qa4 d5 22. O-O-O Bd6 23. Bxd6 Rxd6 24. Nh4 Qe8 25. Ndf3 Ne4 26. Qc2 Qf7 27. Kb1
c3 28. b4 Kb8 29. Kc1 d4 30. Rxd4 Nxd4 31. Nxd4 c5 32. bxc5 Nxc5 0-1

[Event "MCRE_PF12"]
[Site "?"]
[Date "2003.??.??"]
[Round "?"]
[White "Kohler, Josef"]
[Black "Mikoska, Josef"]
[Result "1/2-1/2"]
[WhiteElo "2210"]
[BlackElo "2210"]
[PlyCount "80"]
[EventDate "2003.??.??"]
[EventType "corr"]

1. c4 g6 2. Nc3 Bg7 3. Nf3 c5 4. g3 d6 5. Bg2 Nf6 6. d3 Nc6 7. O-O O-O 8. a3
Bd7 9. Rb1 Ne8 10. Qd2 a5 11. Re1 Nc7 12. b3 h6 13. Nd5 Ra6 14. Bb2 e5 15. b4
axb4 16. axb4 cxb4 17. Nxb4 Nxb4 18. Qxb4 Bc6 19. Ra1 Re8 20. Rxa6 Nxa6 21. Qd2
Nc5 22. Rb1 Qd7 23. Bc3 b5 24. cxb5 Bxb5 25. Ba1 Ba4 26. Rb4 Bc6 27. Bb2 Bd5
28. e4 Bb7 29. Ne1 f5 30. Nc2 Rf8 31. Ne3 Qf7 32. Nc4 Qc7 33. Qe3 Rf7 34. Ba3
fxe4 35. dxe4 Ne6 36. Bf1 Bf8 37. Rxb7 Qxb7 38. Nxd6 Qa7 39. Nxf7 Qxe3 40. fxe3
Kxf7 1/2-1/2

[Event "MCRE_PF12"]
[Site "?"]
[Date "2003.??.??"]
[Round "?"]
[White "Hrubcik, Martin"]
[Black "Mikoska, Josef"]
[Result "1-0"]
[WhiteElo "2000"]
[BlackElo "2210"]
[PlyCount "53"]
[EventDate "2003.??.??"]
[EventType "corr"]

1. e4 e5 2. Nf3 Nc6 3. Bb5 a6 4. Ba4 Nf6 5. O-O Bc5 6. c3 Ba7 7. d4 Nxe4 8. Re1
f5 9. Nbd2 O-O 10. Nxe4 fxe4 11. Rxe4 d5 12. Bg5 Qd6 13. dxe5 Bxf2+ 14. Kh1 Qg6
15. Qxd5+ Be6 16. Qxe6+ Qxe6 17. Bb3 Qxb3 18. axb3 h6 19. Be3 Bxe3 20. Rxe3 Kf7
21. g4 Ke6 22. Kg2 Rad8 23. Rf1 Rf7 24. b4 g6 25. h4 Rd5 26. Kg3 Rd8 27. b3 1-0

[Event "MCRE_PF12"]
[Site "?"]
[Date "2003.??.??"]
[Round "?"]
[White "Mikoska, Josef"]
[Black "Hrubcik, Martin"]
[Result "0-1"]
[WhiteElo "2210"]
[BlackElo "2000"]
[PlyCount "52"]
[EventDate "2003.??.??"]
[EventType "corr"]

1. e4 c5 2. Nf3 d6 3. d4 cxd4 4. Nxd4 Nf6 5. Nc3 a6 6. Be2 e5 7. Nb3 Be7 8. O-O
O-O 9. Be3 Be6 10. Qd2 Nbd7 11. f4 Rc8 12. f5 Bc4 13. Bxc4 Rxc4 14. Qd3 Qc7 15.
Nd2 Rc6 16. Rac1 Rc8 17. Bf2 b5 18. a3 Nb6 19. Qf3 Nc4 20. Nxc4 Rxc4 21. Rfe1
a5 22. Qd3 b4 23. Nb5 Qb7 24. Nxd6 Bxd6 25. Qxd6 b3 26. c3 Rxe4 0-1

[Event "MCRE_PF12"]
[Site "?"]
[Date "2003.??.??"]
[Round "?"]
[White "Hrubcik, Martin"]
[Black "Kohler, Josef"]
[Result "0-1"]
[WhiteElo "2000"]
[BlackElo "2210"]
[PlyCount "80"]
[EventDate "2003.??.??"]
[EventType "corr"]

1. e4 c5 2. f4 g6 3. d4 Bg7 4. d5 d6 5. c4 Nf6 6. Nc3 O-O 7. Nf3 e6 8. Be2 exd5
9. exd5 Re8 10. O-O Ng4 11. Bd3 Nh6 12. Bd2 Bg4 13. Qb3 Nd7 14. Rae1 Rxe1 15.
Bxe1 Qb6 16. Qxb6 Nxb6 17. b3 Bf5 18. Bxf5 Nxf5 19. Bd2 h5 20. Re1 Nd7 21. Kf2
Kf8 22. Ne4 b5 23. h3 h4 24. Ba5 Nb6 25. Nfd2 bxc4 26. bxc4 Re8 27. Kf3 Bh6 28.
Bc3 Na4 29. Bf6 Bg7 30. Kf2 Bxf6 31. Nxf6 Rxe1 32. Kxe1 Nc3 33. a3 Ne3 34. Kf2
Nc2 35. Kf3 Ke7 36. Ng8+ Kd8 37. Kg4 Nxa3 38. Kg5 a5 39. Kf6 a4 40. Nh6 Nab1
0-1

[Event "MCRE_PF12"]
[Site "?"]
[Date "2003.??.??"]
[Round "?"]
[White "Ksir, Bohumil"]
[Black "Kubikova, Hana"]
[Result "1-0"]
[WhiteElo "2145"]
[BlackElo "2140"]
[PlyCount "127"]
[EventDate "2003.??.??"]
[EventType "corr"]

1. e4 c5 2. Nf3 Nf6 3. e5 Nd5 4. Nc3 e6 5. Nxd5 exd5 6. d4 Nc6 7. dxc5 Bxc5 8.
Bd3 d6 9. exd6 Qxd6 10. O-O O-O 11. c3 Bd7 12. Bc2 Rfe8 13. Qd3 g6 14. Bb3 Rad8
15. Bg5 Bf5 16. Qd2 f6 17. Bf4 Qd7 18. Rfe1 Be4 19. Nd4 Na5 20. Rad1 b5 21. f3
Bf5 22. Rxe8+ Rxe8 23. Kf1 Bxd4 24. Qxd4 Nxb3 25. axb3 Bc2 26. Ra1 Qf5 27. b4
Bb3 28. Kg1 Re2 29. h3 Ba4 30. b3 Bxb3 31. Rxa7 Re1+ 32. Kh2 g5 33. Bd6 Re8 34.
Qb6 Bc4 35. Qc7 Qg6 36. Qc6 d4 37. cxd4 f5 38. d5 h5 39. Rc7 g4 40. Rc8 g3+ 41.
Kh1 Rxc8 42. Qxc8+ Kh7 43. Be5 Qf7 44. d6 Be6 45. Qh8+ Kg6 46. Bxg3 f4 47. Bf2
Bf5 48. Bd4 Bd7 49. h4 Be8 50. Qe5 Kh7 51. Qe4+ Kg8 52. Bf6 Bd7 53. Qxf4 Qg6
54. Bc3 Qb1+ 55. Kh2 Qg6 56. Qe5 Bc6 57. Qd4 Bd7 58. Qh8+ Kf7 59. Qe5 Kg8 60.
g4 Qc2+ 61. Kg3 Qg6 62. Qh8+ Kf7 63. Qxh5 Qxh5 64. gxh5 1-0

[Event "MCRE_PF12"]
[Site "?"]
[Date "2003.??.??"]
[Round "?"]
[White "Rotter, Walter"]
[Black "Zatrapa, Petr"]
[Result "1/2-1/2"]
[WhiteElo "2120"]
[BlackElo "2280"]
[PlyCount "95"]
[EventDate "2003.??.??"]
[EventType "corr"]

1. d4 f5 2. g3 Nf6 3. Bg2 e6 4. Nf3 Be7 5. c4 O-O 6. O-O d6 7. Qc2 Qe8 8. Nc3
Qh5 9. Bf4 h6 10. Rad1 g5 11. Bc1 c6 12. b3 Na6 13. a3 Nc7 14. e4 fxe4 15. Nxe4
b6 16. Nfd2 Nd7 17. f4 Bb7 18. fxg5 hxg5 19. Nf2 g4 20. Rde1 Kg7 21. Bb2 Nf6
22. d5 e5 23. dxc6 Bc8 24. Nde4 Rh8 25. h4 gxh3 26. Nxf6 Bxf6 27. Be4 Be6 28.
Qd1 Qxd1 29. Rxd1 Rad8 30. Kh2 b5 31. Bc3 bxc4 32. Ba5 d5 33. Bxc7 Rc8 34. Bxd5
Bxd5 35. Bxe5 Bxc6 36. Bxf6+ Kxf6 37. bxc4 Rhe8 38. Nxh3+ Kg7 39. Rd4 Re2+ 40.
Rf2 Re4 41. Rfd2 Re3 42. R4d3 Re4 43. c5 Rc4 44. Re3 Rxc5 45. Re7+ Kf6 46. Rxa7
Rh8 47. Rf2+ Ke6 48. Raf7 1/2-1/2

[Event "MCRE_PF12"]
[Site "?"]
[Date "2003.??.??"]
[Round "?"]
[White "Rotter, Walter"]
[Black "Mikoska, Josef"]
[Result "0-1"]
[WhiteElo "2120"]
[BlackElo "2210"]
[PlyCount "70"]
[EventDate "2003.??.??"]
[EventType "corr"]

1. d4 Nf6 2. c4 g6 3. Nc3 d5 4. cxd5 Nxd5 5. e4 Nxc3 6. bxc3 Bg7 7. Bb5+ c6 8.
Ba4 O-O 9. Ne2 e5 10. O-O Qe7 11. Bc2 exd4 12. cxd4 Rd8 13. Qd3 c5 14. Ba3 b6
15. Qe3 Ba6 16. Rad1 Bxe2 17. Qxe2 Bxd4 18. Ba4 a6 19. Qf3 b5 20. Bb3 Nc6 21.
Bd5 Rac8 22. Bc1 Nb4 23. Ba3 a5 24. Bxb4 axb4 25. a3 bxa3 26. Qxa3 Kh8 27. Kh1
Rb8 28. f4 f5 29. Rde1 Qf6 30. e5 Qe7 31. Bf3 Qe6 32. Be2 b4 33. Qc1 Bc3 34.
Rd1 Qa2 35. Rxd8+ Rxd8 0-1

[Event "MCRE_PF12"]
[Site "?"]
[Date "2003.??.??"]
[Round "?"]
[White "Mikoska, Josef"]
[Black "Rotter, Walter"]
[Result "1-0"]
[WhiteElo "2210"]
[BlackElo "2120"]
[PlyCount "71"]
[EventDate "2003.??.??"]
[EventType "corr"]

1. e4 e5 2. Nf3 Nc6 3. Bb5 Nf6 4. O-O a6 5. Ba4 Be7 6. Nc3 b5 7. Bb3 d6 8. Re1
O-O 9. Nd5 Na5 10. d4 Nxb3 11. axb3 Bb7 12. c4 c6 13. Nxe7+ Qxe7 14. Bg5 h6 15.
Bh4 Qe6 16. Qc2 g5 17. Bg3 Nh5 18. c5 Nxg3 19. hxg3 Rad8 20. cxd6 f6 21. b4
Rxd6 22. Qc5 Re8 23. dxe5 fxe5 24. Red1 Rxd1+ 25. Rxd1 Qe7 26. Rd6 Kg7 27. Ne1
h5 28. Nc2 Bc8 29. Rxc6 Qxc5 30. bxc5 Kf8 31. Rh6 Kg7 32. Rc6 Rd8 33. Ne3 Kf7
34. Rc7+ Kg6 35. c6 Be6 36. Ra7 1-0

[Event "MCRE_PF12"]
[Site "?"]
[Date "2003.??.??"]
[Round "?"]
[White "Mikoska, Josef"]
[Black "Zatrapa, Petr"]
[Result "0-1"]
[WhiteElo "2210"]
[BlackElo "2280"]
[PlyCount "94"]
[EventDate "2003.??.??"]
[EventType "corr"]

1. e4 e5 2. Nf3 Nc6 3. Bb5 a6 4. Ba4 Nf6 5. O-O Be7 6. Re1 b5 7. Bb3 d6 8. c3
O-O 9. h3 Bb7 10. d4 Re8 11. Nbd2 Bf8 12. Nf1 exd4 13. cxd4 Na5 14. Bc2 Nxe4
15. d5 Nf6 16. Ne3 Nc4 17. Bb3 Nb6 18. Qd3 Nbd7 19. Qd1 g6 20. Bd2 Bg7 21. Bc3
Nc5 22. a3 Nxb3 23. Qxb3 c6 24. dxc6 Bxc6 25. Nd4 Bb7 26. a4 Ne4 27. axb5 Nxf2
28. bxa6 Bxa6 29. Nd5 Ne4 30. Nc6 Qg5 31. Bxg7 Kxg7 32. Rad1 Ng3 33. Nd4 Be2
34. Qc3 Kh6 35. Nc7 Rac8 36. Qc1 Re5 37. Qxg5+ Kxg5 38. Rc1 Re4 39. Kf2 Rxd4
40. Kxg3 Bc4 41. Nb5 Rd3+ 42. Kh2 Rd2 43. Re4 Be6 44. h4+ Kh5 45. Rxc8 Bxc8 46.
b4 f5 47. Re7 Ba6 0-1

[Event "MCRE_PF12"]
[Site "?"]
[Date "2003.??.??"]
[Round "?"]
[White "Zatrapa, Petr"]
[Black "Ksir, Bohumil"]
[Result "1-0"]
[WhiteElo "2280"]
[BlackElo "2145"]
[PlyCount "85"]
[EventDate "2003.??.??"]
[EventType "corr"]

1. e4 c6 2. d4 d5 3. e5 Bf5 4. Nc3 e6 5. g4 Bg6 6. Nge2 Ne7 7. f4 Na6 8. Ng3
Nb4 9. f5 exf5 10. a3 f4 11. axb4 fxg3 12. hxg3 h6 13. Bd3 Bxd3 14. Qxd3 a6 15.
g5 h5 16. Bd2 Qc8 17. O-O-O a5 18. b5 a4 19. Rde1 Qf5 20. Qe2 Qe6 21. Ref1 a3
22. b3 Ng6 23. bxc6 bxc6 24. Qf3 h4 25. Kb1 h3 26. g4 Rh4 27. Rxh3 Rxg4 28. Be3
Rh4 29. Rxh4 Nxh4 30. Qf2 Ng6 31. Na4 Ra7 32. Ka2 Qh3 33. Bd2 Kd8 34. Qe1 Rb7
35. Ba5+ Ke8 36. Rh1 Qe6 37. Bb6 Be7 38. Bc5 Bxg5 39. Bd6 Rb5 40. Qc3 Qc8 41.
e6 Bh4 42. Nc5 Qd8 43. Qf3 1-0